000
00157nam a22000857a 4500
082
_a
823
100
_a
NICOLA BOXTER
245
_a
NOISY LITTLE TRUCK
942
_c
BK
999
_c
8430
_d
8430